| 000 | 00636nam a22001337a 4500 | ||
|---|---|---|---|
| 040 | _cRUA | ||
| 082 | _aAGR KE 2009 B040 Or.1 | ||
| 100 | _aKE, SORPHEA. | ||
| 245 | _aStudy on pesticide use on sapodilla in koh thom district kandal provinceសិក្សាពីការប្រើប្រាស់ថ្នាំពុលកសិកម្មលើដំណាំល្មុតនៅស្រុកកោះធំ ខេត្តកណ្ដាល | ||
| 260 |
_aPhnom Penh _bRUA _c2009 |
||
| 300 |
_axv; 48p. _bill. _c29cm. |
||
| 856 | _uhttps://drive.google.com/file/d/1WYrcUBPIjUkrf0x8hu9AlWI6Z3Oavsad/view?usp=sharing | ||
| 942 | _cAGR | ||
| 999 |
_c928 _d928 |
||